| 000 | 01368nam a2200241Ia 4500 | ||
|---|---|---|---|
| 999 |
_c56236 _d56236 |
||
| 001 | 23338 | ||
| 003 | GE_BSU | ||
| 005 | 20230621111259.0 | ||
| 008 | 181216s1987ge xx |||||||||||||| ||geo|| | ||
| 040 | _cGE_BSU | ||
| 041 | _ageo | ||
| 080 | _a94(3) + 72(3) + 008(3) კ-79 | ||
| 100 |
_aკოტრელი, ლეონარდ _918858 |
||
| 245 |
_aანტიკურობის საოცრებანი / _cლეონარდ კოტრელი, ინგლ. თარგმნა ზვიად გამსახურდიამ. რედ. დ. ჯიბლაძე. მხატვ. ნ. ჭკუასელი |
||
| 264 |
_aთბილისი : _bგანათლება, _c1987. |
||
| 300 |
_a158 გვ. ; _b20 სმ. |
||
| 653 | _aანტიკური ქვეყნების ისტორია; ანტიკური ქვეყნების კულტურა; ანტიკური ქვეყნების არქიტექტურა | ||
| 653 | _aანტიკურობის საოცრებანი | ||
| 700 |
_aგამსახურდია, ზ _eმთარგმნელი _95590 |
||
| 700 |
_aჯიბლაძე, დ _eრედაქტორი _98826 |
||
| 700 |
_a ჭკუასელი, ნ _eმხატვარი _918859 |
||
| 942 |
_cBK _2udc |
||